Associer pays et définition - Europe - Statistiques

Statistiques générales
  • Ce quiz a été pris 751 fois
  • Le résultat moyen est 7 sur 9
Statistiques - réponses
Hint Réponse % Correct
Russie Immense pays où l’hiver est une saison éternelle et la vodka un remède universel
85%
Suisse Pays du chocolat, des montres, et du secret bancaire. Ici, même les montagnes semblent organisées avec précision.
80%
Italie Pays où chaque repas est un chef-d'œuvre, où les gestes de la main sont un langage officiel, et où "mamma mia" est une ponctuation essentielle.
78%
Portugal Terre du fado, des pasteis de nata et des azulejos, avec un horizon de surfeurs et de navigateurs intrépides.
78%
Belgique Terre de la bière, des frites et du chocolat, où les querelles linguistiques sont presque aussi importantes que l'amour des gaufres.
75%
Roumanie Où Dracula et les châteaux gothiques partagent les montagnes avec les troupeaux de moutons, et où l’histoire a un goût épicé.
73%
Danemark Où le hygge (cocooning) est un art de vivre, les vélos ont la priorité, et les Lego sont un trésor national.
67%
Autriche Pays où la musique classique est vivante, les montagnes vous entourent, et chaque habitant a probablement déjà porté une tenue de tyrolien.
66%
Pays-Bas Plat comme une crêpe, avec plus de vélos que d'habitants et des moulins à vent qui font de l'ombre aux tulipes.
66%
Aucun quiz correspondant
Distribution des résultats
% des personnes avec chaque résultat
Percentile par nombre de réponses
Votre historique - résultats
Vous n’avez pas pris ce quiz